| 000 | 01276cam a2200349 a 4500 | ||
|---|---|---|---|
| 001 | 1742 | ||
| 005 | 20250410091022.0 | ||
| 020 | _a9780061703980 (lib. bdg.) | ||
| 020 | _a9780061703973 (pbk. bdg.) | ||
| 040 |
_aDLC _cDLC _dDLC _beng |
||
| 050 | 0 | 0 |
_aPZ7.G9846 _bMkp 2010 |
| 082 | 0 | 0 |
_aPZ7.G9846 _222 |
| 100 | 1 | _aGutman, Dan. | |
| 245 | 1 | 0 |
_aMiss Mary is scary! / _cDan Gutman ; pictures by Jim Paillot. |
| 260 |
_aNew York : _bHarper, _c2010. |
||
| 300 |
_a103 pages : _billustrations ; _c22 cm |
||
| 490 | 0 |
_aMy weird school daze ; _vBook 10 |
|
| 505 | _aJ | ||
| 520 | _aWhen a British student-teacher arrives, A. J. and his friends wonder if her all-black clothing and love of blood sausage mark her as a vampire, while Mr. Granite simply hopes her musician-boyfriend will stay away long enough for a math lesson. | ||
| 521 | 2 |
_a470
_bLexile |
|
| 521 | 2 |
_aJ
_bRaz-Plus |
|
| 650 | 1 |
_aSchools _vFiction. |
|
| 650 | 1 |
_aStudent teachers _vFiction. |
|
| 650 | 1 |
_aTeachers _vFiction. |
|
| 650 | 1 |
_aMusicians _vFiction. |
|
| 650 | 1 |
_aBritish _zUnited States _vFiction. |
|
| 650 | 1 |
_aHalloween _vFiction. |
|
| 650 | 1 | _aHumorous stories. | |
| 700 | 1 |
_aPaillot, Jim, _eillustrator |
|
| 906 |
_a7 _bcbc _corignew _d1 _eecip _f20 _gy-gencatlg |
||
| 942 |
_2ddc _cBK _n0 |
||
| 999 |
_c1742 _d1742 |
||